|
|
|
|
| LEADER |
00853nam a22002657a 4500 |
| 001 |
mzk03001204902 |
| 003 |
CZ BrMZK |
| 005 |
20141001104938.0 |
| 007 |
ta |
| 008 |
130527s1613 gw fr|||||00| ||latod |
| 040 |
|
|
|a BOA001
|b cze
|c BOA001
|
| 072 |
|
7 |
|a 094
|x Staré tisky
|2 Konspekt
|9 12
|
| 080 |
|
|
|a (0.068)094
|2 MRF
|
| 100 |
1 |
|
|a Pineda, Juan de,
|d 1558-1637
|7 mzk2006356142
|4 aut
|
| 245 |
1 |
0 |
|a Commentariorum in Iob libri tredecim :
|b adiuncta singulis capitibus sua paraphrasi, quae et longioris commentarii summam continet.
|n [T.1.]
|
| 260 |
|
|
|a Coloniae :
|b Ant. Hierat,
|c 1613
|
| 300 |
|
|
|a [7], 719, [67] s. ;
|c 2°
|
| 655 |
|
7 |
|a staré tisky
|7 fd422076
|2 czenas
|
| 903 |
|
|
|a RP
|
| 910 |
|
|
|a BOE452
|b Mn
|
| 978 |
|
|
|b Hierat, Anton st.
|a Köln a.R.
|c 1613
|
| 984 |
|
|
|a Kolín nad Rýnem
|b Německo
|
| 985 |
|
|
|a 1601-1650
|
| 990 |
|
|
|a BK
|
| 991 |
|
|
|k minorite
|